| 000 | 00356cam a2200145ua 4500 | ||
|---|---|---|---|
| 041 |
_aeng _h |
||
| 082 |
_a632.94 _b |
||
| 100 | _aMatthews, G.A. . | ||
| 245 |
_aPesticide application methods / _cG.A. Matthews. _hTextual Documents |
||
| 250 |
_a1 / _b. |
||
| 260 |
_aLondon : _bLongman , _c1979. |
||
| 300 | _a336 ; . | ||
| 504 | _a | ||
| 999 |
_c13578 _d13578 |
||